header

The end of argument structure? (Record no. 95791)

MARC details
000 -LEADER
fixed length control field 01295nam a2200337 a 4500
245 04 - TITLE STATEMENT
Title The end of argument structure?
250 ## - EDITION STATEMENT
Edition statement 1st ed.
260 ## - PUBLICATION, DISTRIBUTION, ETC. (IMPRINT)
Place of publication Bingley :
Name of publisher Emerald,
Year of publication 2012.
300 ## - PHYSICAL DESCRIPTION
Number of Pages vii, 299 p.
490 1# - SERIES STATEMENT
Series statement Syntax and semantics,
650 #0 - SUBJECT ADDED ENTRY--TOPICAL TERM
Topical Term Grammar, Comparative and general
Topical Term Semantics.
700 1# - ADDED ENTRY--PERSONAL NAME
Personal name Cuervo, Maria Cristina.
Personal name Roberge, Yves.
856 40 - ELECTRONIC LOCATION AND ACCESS
Uniform Resource Identifier http://site.ebrary.com/lib/rucke/Doc?id=10559561

No items available.

© 2026 Rongo University
Contact us: librarian | system librarian | Rongo university